000 00298pab a2200133 454500
008 180718b1987 xxu||||| |||| 00| 0 eng d
245 _aCorruption
_bPakistan style
260 _c1987
300 _a8-9
362 _a16 May
650 _aCorruption - Pakistan
773 _aMainstream
909 _a6764
999 _c6764
_d6764